| 000 | 00466nam a2200193Ia 4500 | ||
|---|---|---|---|
| 003 | 0100 | ||
| 008 | 130303s9999 xx 000 0 und d | ||
| 040 | _cARRUPELIB | ||
| 050 | _aBT40.B581993 | ||
| 100 | _aBonsor, Jack Arthur | ||
| 245 | _aAthens and Jerusalem | ||
| 245 | _bthe role of philosophy in theology | ||
| 260 | _aNY | ||
| 260 | _bPaulist Pr. | ||
| 260 | _C1993 | ||
| 300 | _a183p | ||
| 650 | _bAfrica, Sub-Saharan--Intellectual life | ||
| 942 | 0 | 0 | _01 |
| 999 |
_c18893 _d18893 |
||